000 01395cam a2200361 b4500
999 _c80219
_d80219
001 124682340
003 DE-627
005 20201130145553.0
007 tu
008 930612s1941 xx ||||| 00| ||ger c
035 _a(DE-627)124682340
035 _a(DE-599)GBV124682340
035 _a(OCoLC)60428992
040 _aDE-627
_bger
_cDE-627
_erakwb
_dSTAFF
041 _ager
044 _cXA-DXDE
100 1 _aRave, Paul Ortwin
_d1893-1962
_0(DE-588)118749374
_0(DE-627)133388514
_0(DE-576)162668716
_4aut
245 1 0 _aBerlin ; Teil 1: Bauten für die Kunst, Kirchen, Denkmalpflege
_cPaul Ortwin Rave
264 1 _aBerlin [u.a.]
_bDt. Kunstverl.
_c1941
300 _a399 S.
_bzahlr. Ill.
_c29 cm
336 _aText
_btxt
_2rdacontent
337 _aohne Hilfsmittel zu benutzen
_bn
_2rdamedia
338 _aBand
_bnc
_2rdacarrier
490 1 _aKarl Friedrich Schinkel : [Lebenswerk] / hrsg. von der Akademie des Bauwesens. [Schriftleitung von Paul Ortwin Rave]
_v[2]
583 1 _2pdager
951 _aMV
700 1 _aKühn, Margarete
_4oth
700 1 _aSchinkel, Karl Friedrich
_d1781-1841
_0(DE-588)118607782
_0(DE-627)133388123
_0(DE-576)162912358
_4oth
710 2 _aAkademie des Bauwesens
_gBerlin
_0(DE-588)2067102-7
_0(DE-627)103616284
_0(DE-576)192121510
_4oth
830 0 _aKarl Friedrich Schinkel
_v[2]
_92.1941
_w(DE-627)124682227
_w(DE-576)9124682225
942 _2z
_cB